000 00789nam a2200253Ia 4500
003 OSt
005 20220923212306.0
006 a|||||r|||| 00| 0
007 ta
008 220922b |||||||| |||| 00| 0 hin d
024 _a152,047
037 _cTextual
040 _aARTS
_cARTS
_bhin
041 _2hin
_ahin
082 _aO111,3N14,2, 152K9
100 _aफास्ट, हावर्ड
_9156318
245 0 _aसमरगाथा
246 _aSamaragāthā
260 _aहलाहाबाद
_b हंस प्रकाशन
_c1969
300 _a274 पृ.
_ccm.
650 _aअंग्रेजी साहित्य
_9156276
942 _hO111,3N14,2, 152K9
_cTEXL
_2CC
999 _c307719
_d307719